Devinez le % d'alcool dans chaque bière - Statistiques

Statistiques générales
  • Ce quiz a été pris 361 fois
  • Le résultat moyen est 5 sur 17
Statistiques - réponses
Par images Réponse % Correct
8%
66%
10%
64%
10%
49%
9%
43%
8%
40%
8,5%
32%
7%
27%
8%
23%
8,4%
21%
10%
18%
12%
15%
9,5%
15%
8,5%
12%
6,7%
8%
4,5%
7%
4,5%
6%
7,5%
6%
Aucun quiz correspondant
Distribution des résultats
% des personnes avec chaque résultat
Percentile par nombre de réponses
Votre historique - résultats
Vous n’avez pas pris ce quiz